Estudios BCRA (Registro nro. 8641)
[ vista simple ]
| 000 -LEADER | |
|---|---|
| fixed length control field | 01012nas a2200241 454500 |
| 001 - CONTROL NUMBER | |
| control field | 28213 |
| 005 - DATE AND TIME OF LATEST TRANSACTION | |
| control field | 20260407193507.0 |
| 008 - FIXED-LENGTH DATA ELEMENTS--GENERAL INFORMATION | |
| fixed length control field | 260407s2006####ag###########|||spa#d |
| 003 - CONTROL NUMBER IDENTIFIER | |
| control field | AR-UNSa-BCEJYS |
| 040 ## - CATALOGING SOURCE | |
| Original cataloging agency | AR-UNSa-BCEJYS |
| Language of cataloging | spa |
| Transcribing agency | AR-UNSa-BCEJYS |
| 080 ## - UNIVERSAL DECIMAL CLASSIFICATION NUMBER | |
| Universal Decimal Classification number | 338 |
| Common auxiliary subdivision | Situación económica. Política económica. Gestión de la economía. Planificación de la economía. Producción. Servicios. Precios |
| 022 ## - INTERNATIONAL STANDARD SERIAL NUMBER | |
| International Standard Serial Number | 1850-0137 |
| 100 1# - MAIN ENTRY--PERSONAL NAME | |
| Personal name | Banco Central de la República Argentina. Investigaciones Económicas |
| 245 10 - TITLE STATEMENT | |
| Title | Estudios BCRA |
| 264 #1 - PRODUCTION, PUBLICATION, DISTRIBUTION, MANUFACTURE, AND COPYRIGHT NOTICE | |
| Place of production, publication, distribution, manufacture | Buenos Aires : |
| Name of producer, publisher, distributor, manufacturer | Banco Central de la República Argentina |
| Date of production, publication, distribution, manufacture, or copyright notice | 2006 |
| 310 ## - CURRENT PUBLICATION FREQUENCY | |
| Current publication frequency | Frecuencia: Irregular |
| 590 ## - LOCAL NOTE (RLIN) | |
| Local note | niveau_biblio:s niveau_hierar:1 |
| 650 ## - SUBJECT ADDED ENTRY--TOPICAL TERM | |
| Topical term or geographic name entry element | Inflación |
| 650 ## - SUBJECT ADDED ENTRY--TOPICAL TERM | |
| Topical term or geographic name entry element | Política económica |
| 650 ## - SUBJECT ADDED ENTRY--TOPICAL TERM | |
| Topical term or geographic name entry element | Política financiera |
| 856 41 - ELECTRONIC LOCATION AND ACCESS | |
| Uniform Resource Identifier | <a href="https://biblioeco.unsa.edu.ar/pmb/images/revistas/Precios de los commodities-Factores estructurales, mercados financieros y din?mica no liean-r02129.jpg">https://biblioeco.unsa.edu.ar/pmb/images/revistas/Precios de los commodities-Factores estructurales, mercados financieros y din?mica no liean-r02129.jpg</a> |
| Link text | Imagen de portada |
| Electronic format type | image/jpeg |
| 942 ## - ADDED ENTRY ELEMENTS (KOHA) | |
| Koha item type | |
| Withdrawn status | Lost status | Damaged status | Not for loan | Home library | Current library | Shelving location | Date acquired | Serial enumeration / chronology | Total checkouts | Full call number | Barcode | Date last seen | Price effective from | Koha item type |
|---|---|---|---|---|---|---|---|---|---|---|---|---|---|---|
| Biblioteca Prof. Eusebio Cleto del Rey | Biblioteca Prof. Eusebio Cleto del Rey | 01/09/2010 | Nº 6 - sep. 2010 | H338 BCR 6 | R13695 | 10/04/2026 | 10/04/2026 | Numero | ||||||
| Biblioteca Prof. Eusebio Cleto del Rey | Biblioteca Prof. Eusebio Cleto del Rey | 01/09/2010 | Nº 6 - sep. 2010 | H338 BCR 6 Ej.2 | R18613 | 10/04/2026 | 10/04/2026 | Numero | ||||||
| Biblioteca Prof. Eusebio Cleto del Rey | Biblioteca Prof. Eusebio Cleto del Rey | 01/09/2008 | Nº 5 - sep. 2008 | H338 BCR 5 | R13694 | 10/04/2026 | 10/04/2026 | Numero | ||||||
| Biblioteca Prof. Eusebio Cleto del Rey | Biblioteca Prof. Eusebio Cleto del Rey | 01/11/2007 | Nº 4 - nov. 2007 | H338 BCR 4 | R13693 | 10/04/2026 | 10/04/2026 | Numero | ||||||
| Biblioteca Prof. Eusebio Cleto del Rey | Biblioteca Prof. Eusebio Cleto del Rey | 01/02/2007 | Nº 3 - feb. 2007 | H338 BCR 3 | R13692 | 10/04/2026 | 10/04/2026 | Numero | ||||||
| Biblioteca Prof. Eusebio Cleto del Rey | Biblioteca Prof. Eusebio Cleto del Rey | 01/08/2006 | Nº 2 - ago. 2006 | H338 BCR 2 | R02129 | 10/04/2026 | 10/04/2026 | Numero |